Pokemon Evolutions Test Gen 7 - Statistics

General Stats
  • This quiz has been taken 32 times
  • The average score is 8 of 10
Answer Stats
Original Pokemon Name Evolved Pokemon Name % Correct
Popplio Brionne
100%
Cosmog Cosmoem
100%
Dartrix Decidueye
100%
Wimpod Golisopod
100%
Yungoos Gumshoos
100%
Torracat Incineroar
100%
Hakamo-o Kommo-o
100%
Cosmoem Lunala/Solgaleo
100%
Formantis Lurantis
100%
Rockruff Lycanroc
100%
Meltan Melmetal
100%
Sandygast Palossand
100%
Brionne Primarina
100%
Cutiefly Ribombee
100%
Salandit Salazzle
100%
Morelull Shiinotic
100%
Litten Torracat
100%
Pikipek Trumbeak
100%
Charjabug Vikavolt
100%
Rowlet Dartrix
83%
Mudbray Mudsdale
83%
Mareanie Toxapex
83%
Grubbin Charjabug
80%
Stufful Bewear
75%
Poipole Naganadel
75%
Bounsweet Steenee
67%
Steenee Tsareena
67%
Jangmo-o Hakamo-o
60%
Dewpider Araquanid
50%
Trumbeak Touccanon
40%
Crabrawler Carbinominable
0%
Type: Null Silvally
0%
No matching quizzes found
Score Distribution
Percent of People with Each Score
Percentile by Number Answered
Your Score History
You have not taken this quiz